Extension review
Enregistré dans:
| Format: | Publication en série |
|---|---|
| Langue: | anglais |
| Publié: |
Washington
United States Department of Agriculture
1980
|
| Tags: |
Pas de tags, Soyez le premier à ajouter un tag!
|
MARC
| LEADER | 00000nas2a2200000 4500 | ||
|---|---|---|---|
| 001 | s123017 | ||
| 005 | 20250917090258.5 | ||
| 041 | 0 | |a eng | |
| 044 | |a US | ||
| 245 | 1 | 0 | |a Extension review |
| 264 | 1 | |a Washington |b United States Department of Agriculture |c 1980 | |
| 300 | |a 1 zv. | ||